Quizzes
Events
Quiz Creation
Community
Videos
Private Events
Remove Ads
Sign In
Join for FREE
Feedback
Dark Mode
Quiz Categories
Sports
Geography
Music
Movies
Television
Just For Fun
Miscellaneous
History
Literature
Language
Science
Gaming
Entertainment
Religion
Holiday
For Kids
Quiz Lab
Recent
Popular Today
Quiz Kudos Today
Editor Picks
Curator Picks
Quizzes by...
Day
Popularity
Type
Ratings
Length
Year
Community
Subscriptions
Recent Discussions
Orange Saloon
Badges
Playlists
Quests
Create
Leaderboards
Showdown
Live 5
Trivia Bingo
Activity
Puzzle Library
Sporcle Events
Private Events
Virtual Trivia
Globe League
Become a Host
Pub Owners
SporcleCon
Opinionation
Our Games
Videos
Blog
Mobile Apps
Partnerships
Remove Ads and Go Orange
Feedback
Gaming
Video Games
Board Games
Card Games
Pokémon
Mario
Nintendo
Minecraft
Console
Toys
Legend of Zelda
Gaming
Video Games
Board Games
Card Games
Pokémon
Mario
Nintendo
Minecraft
Console
Toys
Legend of Zelda
Random Quiz
Search Sporcle
×
Quiz Lab
Quiz Lab
Gaming
Africa
Type in answers that appear in a list
Type in answers that appear in a list
Classic
Best Score? Go Orange.
Erepublik regions Africa, Asia, Australia Stats
Can you name the regions the African, Asian and Australian countries are divided in eRepublik?
By
tazzadar
15m
126 Questions
27 Plays
27 Plays
27 Plays
Comments
Comments
Give Quiz Kudos
Give Quiz Kudos
-
- Ratings
hide this ad
More Info
Replay
Link that replays current quiz
Next Quiz
Link to next quiz in quiz playlist
You Got
0%
They Got
Avg Score
22%
Avg Friend Score
Upgrade to see
Score Distribution
Jump to the score distribution portion of the page
Score
0/126
Timer
15:00
0
Plays Today
Country
Region
% Correct
Australia
New South Wales
63%
Australia
Queensland
63%
Australia
Victoria
63%
Australia
Western Australia
63%
Australia
Tasmania
59.3%
Australia
South Australia
51.9%
China
Tibet
51.9%
China
Beijing
51.9%
Indonesia
Java
51.9%
Japan
Hokkaido
51.9%
Australia
Northern Territory
48.1%
China
Shanghai
44.4%
Philippines
Luzon
44.4%
China
Inner Mongolia
40.7%
Indonesia
Sumatra
40.7%
Philippines
Mindanao
40.7%
China
Guangdong
37%
Indonesia
Sulawesi
37%
Pakistan
Punjab
37%
China
Guangxi
33.3%
China
Xinjiang
33.3%
Indonesia
Papua
33.3%
Japan
Kyushu
29.6%
Malaysia
Sabah
29.6%
China
Anhui
25.9%
China
Fujian
25.9%
China
Heilongjiang (a.k.a. HelloKitty)
25.9%
China
Liaoning (a.k.a. LionKing)
25.9%
China
Shaanxi
25.9%
China
Shanxi
25.9%
China
Henan
25.9%
China
Qinghai
25.9%
India
Tamil Nadu
25.9%
India
Orissa
25.9%
Japan
Shikoku
25.9%
Pakistan
Jammu and Kashmir
25.9%
Philippines
Palawan
25.9%
Singapore
Singapore City
25.9%
China
Hunan
22.2%
China
Jilin
22.2%
China
Chongqing
22.2%
India
Uttar Pradesh
22.2%
Country
Region
% Correct
India
Madhya Pradesh
22.2%
India
Gujarat
22.2%
India
Andhra Pradesh
22.2%
India
West Bengal
22.2%
Indonesia
Kalimantan
22.2%
Indonesia
Lesser Sunda Islands
22.2%
Japan
Tohoku
22.2%
Japan
Kanto
22.2%
Malaysia
Sarawak
22.2%
Malaysia
Peninsular Malaysia
22.2%
Pakistan
Sindh
22.2%
Philippines
Visayas
22.2%
South Africa
KwaZulu Natal
22.2%
China
Hubei
18.5%
China
Shandong
18.5%
China
Sichuan
18.5%
China
Zhejiang
18.5%
China
Hainan
18.5%
China
Ningxia
18.5%
India
Rajasthan
18.5%
India
Kerala
18.5%
Japan
Chubu
18.5%
Japan
Kinki
18.5%
Japan
Chugoku
18.5%
North Korea
Chagang
18.5%
North Korea
Pyongan
18.5%
North Korea
Kangwon
18.5%
Pakistan
Balochistan
18.5%
South Korea
Jeju
18.5%
China
Jiangsu
14.8%
China
Jiangxi
14.8%
China
Yunnan
14.8%
China
Guizhou
14.8%
India
Maharashtra
14.8%
India
Karnataka
14.8%
India
Bihar
14.8%
India
North Eastern India
14.8%
Iran
Esfahan
14.8%
Iran
Fars
14.8%
Iran
Hormozgan
14.8%
Israel
Jerusalem district
14.8%
Israel
Nazareth North District
14.8%
Country
Region
% Correct
Israel
Haifa district
14.8%
Israel
Tel Aviv Center District
14.8%
North Korea
Hwangae
14.8%
Pakistan
North-West Frontier Province
14.8%
South Africa
Eastern Cape
14.8%
South Africa
Free State
14.8%
South Africa
Gauteng
14.8%
South Africa
North West Province
14.8%
South Africa
Northern Cape
14.8%
Thailand
Central Thailand
14.8%
Thailand
Northern Thailand
14.8%
Thailand
Southern Thailand
14.8%
Thailand
North-Eastern Thailand
14.8%
China
Gansu
11.1%
India
Northern India
11.1%
India
Chhattisgarh
11.1%
India
Jharkhand
11.1%
Indonesia
Maluku islands
11.1%
Iran
Kerman Province
11.1%
Iran
Sistan and Baluchistan
11.1%
Iran
South Khorasan
11.1%
Iran
Yazd
11.1%
Iran
Semnan
11.1%
Iran
Northwestern Iran
11.1%
Israel
Beersheba South District
11.1%
South Africa
Limpopo
11.1%
South Africa
Mpumalanga
11.1%
South Africa
Western Cape
11.1%
South Korea
Chungcheongbuk-do
11.1%
Thailand
Eastern Thailand
11.1%
Iran
Razavi Khorasan
7.4%
Iran
Southwestern Iran
7.4%
Iran
Mazandaran and Golistan
7.4%
North Korea
Hamgyong
7.4%
North Korea
Ryanggang
7.4%
South Korea
Gyeonggi-do
7.4%
South Korea
Gangwon-do
7.4%
South Korea
Chungcheongnam-do
7.4%
South Korea
Jeollabuk-do
7.4%
South Korea
Jeollanam-do
7.4%
South Korea
Gyeongsangbuk-do
3.7%
South Korea
Gyeongsangnam-do
3.7%
Quiz Playlist
Details
Report
Send in Message
Add To Playlist
More Info:
The New World is currently divided in 504 regions. Russia and Turkey are excluded from Asia.
Classic:
Type in answers that appear in a list
Quiz Source
Last Updated: Feb 16, 2017
Quiz Scoreboard
CHALLENGE
Sign Up to Join the Scoreboard
Show All
Scores
Hide
Comments
May contain spoilers
Recently Published
NBA Finals Game Top Scorers (2010s)
by flibbidy
Sports
5m
Guess the 'R' Things in 3 Words
by MSUKent
Miscellaneous
3m
Actor to Badly Drawn Movie III
by MoMosMoProblems
Movies
5m
More to Explore
Quiz From the Vault
Featured Blog Post
Where Does Lost Luggage Go?
hide this ad
You Might Also Like...
Tags
Africa Quiz
Asia Quiz
Country Quiz
Australia
Divided
region
Today's Top Quizzes in Gaming
Browse Gaming
hide this ad
Today's Top Quizzes in Africa
Browse Africa
Top Contributed Quizzes in Gaming
1
Video Game Rainbow Blitz
2
Genshin Impact Logic Puzzle
3
Pokémon Gen IV Logic Puzzle (HARD)
4
Genshin Impact Logic Puzzle Quiz
5
Rainbow Six Siege Operators by Picture
6
Magic: the Gathering Set Symbols - LCI
7
Ordering Roman Numerals: Pokémon
8
St. Patrick's Pick: Gaming
9
Ultimate Genshin Impact Logic Puzzle (up to 4.3)
10
Wii Remote Buttons
Explore More
Trending Topics
Disney
Kpop
Harry Potter
Crossword
NBA
Marvel
Anime
Song
Pokémon
Puzzle
NFL
WWE
Soccer
Country
The Office
hide this ad
More By:
tazzadar
Quiz
Plays
Rating
Category
Featured
Created
Bulgaria's most populated cities
1,960
4.18
Geography
Oct 22, 2009
Vin Diesel Movies
1,229
2.67
Movies
Oct 22, 2009
World's largest peninsulas
959
2.00
Geography
Oct 24, 2009
Countires where capital isn't largest
902
2.00
Geography
Mar 29, 2010
Unique country flags
802
4.38
Geography
Jan 19, 2010
Go to Creator's Profile
Score Distribution
Quiz Creator Spotlight
tazzadar
Follow
Send a Message
Quizzes Created
-
Created Quiz Play Count
-
More By This Creator
Popular Quizzes Today
1
Find the US States - No Outlines Minefield
2
Find the US States
3
The Countries of the World
4
10 Largest US States in Order
5
Find the Countries of Europe - No Outlines Minefield
6
US States
7
Guess the 'R' Things in 3 Words
8
NBA Finals Game Top Scorers (2010s)
More Gaming Quizzes
Civilization
Published
Trending Quizzes
First Name TV: Leading Men
Match the Book to the Film II
First Name TV: Leading Women Drama
Match the Book to the Film VI
3-Word Movies in 1 Word II
Recently Updated
Women's Final Four Teams by Year
bhenderson79
Presidents Quartet II
eogle
Anything But Clue(do)
eogle
Anything But Oceanian Capitals
eogle
Anything But 7
eogle
Anything But Thing
eogle
Word Ladder: February 29
pecheneg
Song Title Questions
pecheneg
Women's NCAA Tournament #1 Seeds
pecheneg
Celebrity Mug Shots
pecheneg
Trending Topics
Marvel
Anime
Kpop
Harry Potter
Disney
Crossword
NBA
Soccer
The Office
WWE
Pokémon
Song
Puzzle
NFL
Country
Your Account Isn't Verified!
In order to create a playlist on Sporcle, you need to verify the email address you used during registration. Go to your
Sporcle Settings
to finish the process.
Report this User
Report this user for behavior that violates our
Community Guidelines
.
Details:
Send Report
Go to the Sporcle.com Mobile Site →
Comments